Napoleon and Josephine: the biography of a marriage

Saved in:
書目詳細資料
主要作者: Mossiker, Frances (Author)
格式: 圖書
語言:英语
出版: Nueva York Simon and Schuster 1964
版:1a. ed
主題:
標簽: 添加標簽
沒有標簽, 成為第一個標記此記錄!

MARC

LEADER 00000cam a2200000 a 4500
001 UCD4639
003 CL-VaPUC
008 160713e19640000us |||||||||||||||||eng|d
082 0 4 |a 944  |b MOS  |2 21 
100 0 |a Mossiker, Frances  |e author  |9 588363 
245 1 0 |a Napoleon and Josephine: the biography of a marriage 
250 |a 1a. ed 
300 |a 447 p 
942 |c BK 
945 |d 20160713 20:53:00  |a arojas 
260 |a Nueva York  |b Simon and Schuster  |c 1964 
600 0 |a Bonaparte, Napoleón   |9 317802 
600 0 7 |a BEAUHARNAIS, JOSEFINA DE  |2 CL-VaPUC  |9 588364 
650 0 |a Biografías  |9 255210 
650 0 |a Historia de Francia  |9 336927 
583 |a last modification  |c 20160713 20:53:00  |k Rodrigo Vera 
999 |c 365510  |d 365508 
952 |0 0  |1 0  |3 erd  |4 0  |6 944_000000000000000_MOS_1964  |7 0  |8 A  |9 479391  |a FDOHBE  |b FDOHBE  |e Huesbe Llanos, Marco Antonio, 1934-  |i 530590K  |o 944 MOS 1964  |p 530590K  |r 2024-01-30  |w 2019-11-24  |y BK  |z Catalogado en:20160713  |k HBE